000 00787nam0a22002531 4500
001 rc\127823
005 20250620192523.0
010 _a5-85585-222-9
_940000
035 _a(NLR Aleph) 005383265
090 _a7123289
_c7123289
100 _a20021216d1995 |||y0rusy50 ca
101 0 _arus
102 _aRU
105 _aa |||||||||
200 1 _aМесть женщины
_eРоман
_fНаталья Калинина
_g[Оформ. худож. С.В. Курбатова]
210 _aМ.
_cЭКСМО
_d1995
215 _a408, [1] с.
_cил.
_d22
225 1 _aБаттерфляй
700 1 _aКалинина
_bН.А.
_f1944-
_gНаталья Анатольевна
801 0 _aRU
_bNLR
_gpsbo
801 1 _aRU
_bELAR
_2rusmarc
852 _aNLR
_j95-3/5899
942 _cBOOK
980 _aNB